| 000 | 00600nam a2200253 a 4500 | ||
|---|---|---|---|
| 001 | nice12345678 | ||
| 003 | IN_TiNIC | ||
| 005 | 20260116011447.0 | ||
| 008 | 050524s1935 lona grp 000 0 eng | ||
| 020 |
_a _c100 |
||
| 082 | 0 | 0 |
_a274.9 _bRAU |
| 100 | _aRauws, Joh | ||
| 245 | _aNetherlands Indies | ||
| 260 |
_aLondon _bWorld Dominion Press _c1935 |
||
| 300 | _a186p | ||
| 500 | _aincludes index and biblioraphy | ||
| 505 | 2 | _aIndex | |
| 650 | _aChurch-History Netherlands | ||
| 700 | 1 | _aH Kraemer | |
| 700 | 1 | _aF J F Van Hasselt | |
| 902 | _bSRS | ||
| 942 | _cBK | ||
| 999 |
_c1731 _d1731 |
||